[Event "Biel GM"]
[Site "Biel"]
[Date "2005.07.18"]
[Round "2"]
[White "Bauer, Christian"]
[Black "Gelfand, Boris"]
[Result "0-1"]
[WhiteElo "2641"]
[BlackElo "2724"]
[Annotator "Lutz,C"]
[PlyCount "86"]
[EventDate "2005.07.17"]
[EventType "tourn"]
[EventRounds "10"]
[EventCountry "SUI"]
[EventCategory "16"]
[SourceTitle "CBM 108"]
[Source "ChessBase"]
[SourceDate "2005.09.26"]
[SourceVersion "1"]
[SourceVersionDate "2005.09.26"]
[SourceQuality "1"]

1. d4 d5 2. c4 c6 3. Nc3 Nf6 4. e3 e6 5. Nf3 Nbd7 6. a3 $5 {Wir erreichen
ähnliche Stellungen wie in den Systemen mit 6.Qc2 und b2-b3. Allerdings muss
Weiß hier einen Zug extra machen.} Bd6 7. b4 O-O 8. Bb2 Qe7 9. Qc2 a6 (9... e5
10. cxd5 cxd5 (10... e4 $6 11. dxc6 $1 exf3 12. cxd7 fxg2 13. Bxg2 Bxd7 14.
Bxb7 Rab8 15. Bf3 Rfc8 16. Qd3 $16 {1-0 Georgiev,K-Lukacs,P/Stara Zagora 1990/
CBM 17/[Ftacnik] (33)}) 11. dxe5 (11. Nb5 $14 {Ftacnik}) 11... Nxe5 12. Nb5
Nxf3+ 13. gxf3 Be5 14. Bxe5 Qxe5 15. Nd4 Re8 16. Be2 Bh3 17. Kd2 Rac8 18. Qb1
a5 19. bxa5 Bg2 20. Rc1 Rxc1 21. Qxc1 Bh3 22. Rb1 Qxh2 23. Rxb7 Qxf2 24. Rb3
Bc8 25. Qe1 Qh2 26. Kd1 Bd7 27. Qb4 h5 28. a6 h4 29. a7 h3 30. Kd2 Qg1 31. Qc3
h2 32. Rb8 h1=Q 33. Rxe8+ Nxe8 34. a8=Q Qb1 35. Qc2 Qhe1+ 36. Kd3 Bb5+ 37. Nxb5
Qxc2+ 38. Kxc2 Qxe2+ 39. Kc3 Qxb5 40. a4 Qc4+ 41. Kd2 Qb4+ 42. Ke2 Kf8 43. a5
Qb5+ 44. Kf2 Ke7 45. Qa7+ Kd8 46. Qa8+ Kd7 47. a6 Qc6 {0-1 Agrest,E-Serper,G/
Oberwart 1994/EXT 98 (47)}) 10. Bd3 dxc4 11. Bxc4 e5 12. Ba2 $146 {Ein neuer
Zug. Im Vergleich zu 12.Bb3 hat Weiß nun die Idee Ba2-b1 mit Drohungen gegen
h7. Nichtsdestotrotz kann Weiß aber wohl nicht auf Vorteil hoffen.} (12. Bb3 a5
13. b5 c5 14. d5 e4 15. Nd2 Re8 16. Nc4 h5 17. b6 Bb8 18. O-O-O Qd8 19. Ba4 Ra6
20. d6 Nxb6 21. Nxb6 Rxb6 22. Bxe8 Qxe8 23. Nd5 Nxd5 24. Rxd5 Bxd6 25. Rhd1 Be7
26. Qxe4 Be6 27. Qe5 f6 28. Qxh5 Bf7 29. Qf5 Bxd5 30. Qxd5+ Kf8 31. Qc4 a4 32.
Rd3 Ra6 33. Qe4 Qb5 34. Rd2 Rd6 35. Rxd6 Bxd6 36. Qd5 Ke7 37. Qe4+ Kd8 38. Qd5
Kc7 39. f4 Qe2 40. Qd2 Qf1+ 41. Kc2 Qc4+ 42. Kb1 Qe4+ 43. Ka1 Kc6 44. h4 c4 45.
Qa5 Qc2 46. e4 Qd1+ 47. Ka2 Bxf4 48. Qf5 Qb3+ 49. Ka1 c3 50. Qc8+ Bc7 51. Bc1
c2 52. Bb2 Qc4 53. Bc1 Qc3+ {0-1 Georgiev,K-Dorfman,J/Moscow 1990/TD (53)})
12... Bc7 13. O-O exd4 14. exd4 $11 {Mit dem Läufer auf b2 bietet der Isolani
keinen Vorteil.} (14. Nxd4 Ng4 15. g3 Ndf6 $132) 14... Nb6 15. Rae1 {Weiß
stellt den a-Turm nach e1, um anschließend Bb1 folgen lassen zu können. Der
Nachteil ist jedoch, dass der Rf1 eingesperrt ist und nun g2-g3 immer mit ...
Bh3 beantwortet werden kann.} Qd6 {Den Druck gegen h2 kann Weiß nun nicht mit
g2-g3 abwenden.} 16. Re5 (16. Ne5 Be6) (16. g3 $2 Bh3) 16... Qd8 17. Ree1 {
Ein stillschweigendes Remis-Angebot ...} (17. Re3 Nbd5 18. Nxd5 Nxd5) 17...
Nbd5 {... dem Schwarz jedoch ausweicht.} 18. Ne5 (18. Nxd5 Nxd5 19. Bc1) 18...
Nxc3 19. Bxc3 Nd5 20. Bd2 Qd6 {Nun hängt die Idee ...f7-f6 in der Luft.} 21.
Bb1 (21. g3 $2 Bh3) (21. Qe4 $5 f6 22. Nf3 Bd7 23. Bb1 g6 24. Qh4 $13) 21... g6
22. Qc5 {Weiß strebt den Damentausch an, um die Drohung ...f7-f6 zu parieren.}
(22. g3 Bh3) (22. Ba2 Bf5 $11 (22... f6 $2 23. Bf4)) 22... Be6 23. Qxd6 $2 {
Weiß sollte nicht selbst die Damen tauschen. Nun gerät er in eine schlechtere
Stellung.} (23. Re2 Rad8 (23... Qxc5 24. bxc5) 24. Rfe1 Bb6 25. Qxd6 Rxd6 26.
Nc4 Rd7 27. Nxb6 Nxb6 28. Bc3 $11) 23... Bxd6 $15 24. Rc1 Rad8 25. Rfe1 Rfe8
26. g3 $6 (26. Nd3 Nc7) (26. h3 $5 {ist vielleicht eine Idee, um ggf. mit
Ne5-f3 den Pd4 zu decken.} Nc7) 26... Nc7 $17 {Jetzt wird es schwer, sich
gegen die Drohung ...Nb5 zu verteidigen.} 27. Nc4 Nb5 28. Nxd6 Rxd6 29. Bf4 Rd7
30. Re3 Nxd4 31. h4 f6 32. Rce1 Kf7 33. g4 $6 {Führt zu weiteren Schwächungen.}
Ree7 34. g5 Bd5 35. Rxe7+ Rxe7 36. Rxe7+ Kxe7 37. gxf6+ Kxf6 38. Kf1 Nf3 $19
39. h5 gxh5 40. Bxh7 h4 41. Bd3 h3 42. Be2 Kf5 43. Bg3 Bc4 $1 0-1

[Event "RUS-ch sf 58th"]
[Site "Kazan"]
[Date "2005.09.05"]
[Round "3"]
[White "Bareev, Evgeny"]
[Black "Kobalia, Mihail"]
[Result "0-1"]
[WhiteElo "2688"]
[BlackElo "2614"]
[Annotator "Lutz,C"]
[PlyCount "124"]
[EventDate "2005.09.03"]
[EventType "swiss"]
[EventRounds "9"]
[EventCountry "RUS"]
[SourceTitle "CBM 109"]
[Source "ChessBase"]
[SourceDate "2005.11.14"]
[SourceVersion "1"]
[SourceVersionDate "2005.11.14"]
[SourceQuality "1"]

1. d4 d5 2. c4 c6 3. Nc3 Nf6 4. e3 e6 5. Nf3 a6 6. b3 Bb4 7. Bd2 O-O 8. Bd3
Nbd7 9. O-O Bd6 $5 {The combination of 9...Bd6 and 10...Re8 is an unusual one;
9...Qe7 has been played more often. Die Kombination von 9...Bd6 und 10...Re8
ist ungewöhnlich, häufiger wurde 9...Qe7 gespielt.} 10. Qc2 (10. e4 dxc4 11.
bxc4 e5 12. c5 $1 (12. d5 Nc5 $132) 12... Bc7 (12... exd4 13. cxd6 dxc3 14.
Bxc3 Nc5 15. Bxf6 Qxf6 16. e5 $16) 13. Na4 (13. Be3 Qe7 14. Qc2 {1/2-1/2
Moiseenko,A-Huzman,A/Montreal 2004/CBM 103 (14)}) 13... exd4 14. h3 $1 Re8 (
14... Qe7 15. Qc2) 15. Re1 (15. Rb1 Nf8 16. Re1 h6 17. Qc1 Rb8 18. Rb3 Ne6 19.
e5 Nd5 20. Bxh6 Nc3 21. Nxc3 dxc3 22. Bb1 Qe7 23. Rb4 c2 24. Qxc2 g6 25. Rc4
$16 {1-0 Najer,E-Kobalija,M/playchess.com INT 2004/CBM 99 ext (36)}) 15... h6
16. Rb1 Nh7 17. Bc4 Qf6 $13 {1-0 Kasparov,G-Gelfand,B/Linares 1991/CBM 22/
[Anand] (38)}) 10... Re8 (10... h6 11. Rad1 (11. h3 b5 12. Rfd1 Bb7 13. e4 b4
14. Na4 dxe4 15. Bxe4 a5 16. Be3 Qc7 $13 17. Nc5 Nxc5 18. dxc5 Be7 19. Ne1 Nd7
20. Rxd7 Qxd7 21. Nd3 Rad8 22. Rd1 e5 23. g4 Bg5 24. Bxg5 hxg5 25. Re1 f6 26.
Bf5 Qf7 27. f4 g6 28. fxe5 gxf5 29. e6 Qc7 30. e7 Qg3+ 31. Qg2 Qxg2+ 32. Kxg2
Rxd3 33. e8=Q Rxe8 34. Rxe8+ Kf7 35. Rb8 Rd7 36. gxf5 Rc7 37. Kg3 Bc8 38. Kg4
Ke7 39. Ra8 Kd8 40. Rxa5 Rh7 41. Ra8 Rh4+ 42. Kg3 Re4 43. Rb8 Re3+ 44. Kg4 Re2
45. Rxb4 Rg2+ 46. Kf3 Rxa2 47. h4 gxh4 48. Kg4 Kc7 49. Rb6 Bxf5+ 50. Kxh4 Ra5 {
0-1 Shneider,A-Braun,A/Bad Zwesten 2005/CBM 104 ext (50)}) 11... e5 12. cxd5
cxd5 13. dxe5 Nxe5 14. Nxe5 Bxe5 15. Ne2 (15. f4 $6 Bd6 16. Bf5 $2 Re8 17. Qd3
Bxf5 18. Qxf5 Bb4 19. Be1 Qb6 20. Nxd5 Nxd5 21. Rxd5 Bxe1 22. Rxe1 Rxe3 $17 {
0-1 Blagojevic,D-Sokolov,I/Neum 2005/CBM 106 ext (64)}) 15... Bg4 16. h3 Rc8
17. Qb1 Bd7 18. Rc1 Qe7 19. Rxc8 Rxc8 20. Rc1 Re8 $11 {0-1 Flear,G-Godena,M/
France 2003/CBM 94 (38)}) (10... c5 11. cxd5 exd5 12. Rad1 cxd4 13. Nxd4 Ne5
14. Be2 Bd7 15. Qb1 {1/2-1/2 Kruppa,Y-Popov,V/St Petersburg 2003/EXT 2004 (15)}
) (10... e5 11. cxd5 cxd5 12. e4 exd4 13. Nxd5 Nxd5 14. exd5 Nf6 15. Rae1 h6
16. Qc4 Nxd5 17. Qxd4 Be6 18. Bb1 Rc8 19. Qd3 Nf6 20. Nd4 Bd7 $11 {1-0
Timoscenko,G-Godena,M/Padova 1999/CBM 73 ext (81)}) 11. Rae1 (11. Rfe1 h6 12.
h3 e5 13. cxd5 cxd5 14. e4 dxe4 15. Nxe4 Nxe4 16. Bxe4 exd4 17. Nxd4 Nf6 18.
Bf3 Be5 19. Bc3 Qb6 20. Rad1 Bd7 $11 {1/2-1/2 Shabalov,A-Najer,E/Las Vegas
2004/CBM 100 ext (37)}) (11. e4 $5 dxc4 12. bxc4 e5 $13) 11... h6 12. h3 e5 13.
cxd5 cxd5 14. e4 dxe4 15. Nxe4 Nxe4 16. Rxe4 Nf6 17. Rh4 $5 {White is trying
to fight for an advantage which he no longer has. This causes his pieces to
lose their co-ordination and soon he is worse off. Weiß versucht, um einen
Vorteil zu kämpfen, den er nicht mehr hat. Dadurch geht die Koordination
seiner Figuren verloren und er steht schon bald schlechter.} (17. Ree1 {
is the normal move, but then White has nothing, e.g. ist der Normalzug, aber
dann hat Weiß nichts, z.B.} exd4 18. Rxe8+ Nxe8 19. Nxd4 Bd7 20. Bh7+ Kh8 21.
Be4 Rc8 $11 {intending mit der Idee} 22. Qb2 Be5) 17... exd4 18. Qc1 {
Threatening a strike on h6, which is however easily warded off. Droht einen
Einschlag auf h6, der jedoch leicht pariert wird.} Bf8 19. Rxd4 Qb6 20. b4 $2 {
This move puts White at a disadvantage. On b4 the pawn is a weakness which can
be attacked and also the c4-square is weakened. Dieser Zug bringt Weiß in
Nachteil. Auf b4 ist der Bauer eine angreifbar und das Feld c4 ist ebenfalls
geschwächt.} (20. Bf4 $11 {would have been the sober, but lacklustre
alternative. wäre die nüchterne, aber auch ambitionslose Alternative gewesen.})
20... Be6 21. a4 Bd5 $15 22. Rf4 Rad8 23. Re1 Rxe1+ 24. Qxe1 Nh5 {Here White
must have regretted what he had started to do. The rook gets into trouble and
White has to accept a weakening of his pawn structure. Hier wird Weiß wohl
bedauert haben, was er angerichtet hat. Der Turm gerät ins Gedränge und Weiß
muss eine Schwächung seiner Bauernstellung akzeptieren.} 25. Be3 (25. Rf5 g6)
25... Qc7 26. Rd4 Bxf3 27. gxf3 Rxd4 28. Bxd4 Nf4 $17 {White has weak pawns on
both wings, and the bishop pair does not compensate enough for this. Auf
beiden Flügeln hat Weiß schwache Bauern, dafür ist auch das Läuferpaar kein
Ersatz.} 29. Bf1 Qc6 30. b5 axb5 31. axb5 Qg6+ 32. Kh1 Qh5 33. Qe4 Nxh3 34. Kg2
Ng5 35. Qf5 g6 36. Qg4 Qxg4+ 37. fxg4 Ne6 38. Be3 Bc5 {Black has a sound extra
pawn, but on account of the white bishop pair it will be hard to make the said
pawn count. But Bareev is not having a good day... Schwarz hat einen soliden
Mehrbauern, aber dessen Verwertung ist angesichts des weißen Läuferpaars
äußerst schwierig. Jedoch hat Bareev nicht seinen besten Tag...} 39. Bxh6 $6 g5
{..because now a bishop is lost, yet it is not so sure that Black is actually
winning. ... denn nun geht ein Läufer verloren. Es ist jedoch nicht klar, ob
Schwarz tatsächlich auf Gewinn steht.} 40. Bc4 (40. Bd3 Nf4+) 40... Nf4+ 41.
Kf3 Be7 42. Ke4 $6 (42. b6 {looks like a better defence, since Black cannot
safely bring his pawn to b6. sieht wie eine bessere Verteidigung aus, denn
Schwarz kann seinen Bauern nicht nach b6 in Sicherheit bringen, z.B.} Kh7 43.
Bxg5 Bxg5 44. Bxf7 Nd3 (44... Kg7 45. Bc4 {then Ba6 nebst Ba6}) 45. Ke4 Nc5+ (
45... Nb4 46. Be6 Na6 47. Bc8 Nc5+ 48. Kd5 Be7 49. f4 {should be a draw.
sollte remis sein.}) 46. Kd4 Na4 47. Bd5 Bf6+ 48. Kd3 Kg7 (48... Bd8 49. Be4+
Kg7 50. Kc4 Nxb6+ 51. Kb5) 49. Bh1 Nc5+ 50. Kc4 Be7 51. f4 {, and it is very
doubtful if Black can win, because his pieces are all overloaded with
defensive tasks. , und es ist sehr fraglich, obSchwarz gewinnen kann, denn
seine Figuren sind mit Verteidigungsaufgaben überlastet.}) 42... Kh7 43. Bxg5
Bxg5 44. Bxf7 b6 $19 45. Kf5 Kh6 46. Bc4 Nh3 47. f3 Nf4 48. Bf1 Ng6 49. Bd3 Bd2
50. Be4 Nh4+ 51. Kf6 Bc3+ 52. Ke6 Kg5 53. Kd5 Kf4 54. Kd6 Bd4 55. Ke6 $6 {
hastens the end. Beschleunigt das Ende.} (55. Kc6 {should also be losing, but
demands somewhat more effort on the part of Black; thus, e.g. sollte auch
verloren sein, erfordert jedoch noch etwas mehr Anstrengungen seitens des
Schwarzen, so führt z.B.} Be3 56. Kc7 Nxf3 $2 57. Bxf3 Kxf3 58. g5 $11 {
only leads to a draw. nur zum Remis.}) 55... Be3 56. Kd6 Nxf3 57. Bf5 Ne5 58.
Bc8 Nxg4 59. Kd5 Ne5 60. Bh3 Bc5 61. Be6 Ng6 62. Bh3 Ne7+ 0-1

[Event "Linares 20th"]
[Site "Linares"]
[Date "2003.03.01"]
[Round "7"]
[White "Ponomariov, Ruslan"]
[Black "Vallejo Pons, Francisco"]
[Result "1-0"]
[WhiteElo "2734"]
[BlackElo "2629"]
[Annotator "Lutz,C"]
[PlyCount "135"]
[EventDate "2003.02.22"]
[EventType "tourn"]
[EventRounds "14"]
[EventCountry "ESP"]
[EventCategory "20"]
[SourceTitle "CBM 094"]
[Source "ChessBase"]
[SourceDate "2003.05.26"]
[SourceVersion "1"]
[SourceVersionDate "2003.05.26"]
[SourceQuality "1"]

1. d4 d5 2. c4 c6 3. Nf3 Nf6 4. Nc3 e6 5. e3 Nbd7 6. Qc2 Bd6 7. g4 Bb4 8. Bd2
Qe7 9. Bd3 e5 {Dieser Zug tauchte zuvor nur in zwei Partien von Kempinski auf,
mit befriedigendem Ergebnis für Schwarz. Aber Ponomariov ist gut gewappnet.} (
9... dxc4) (9... h6) (9... b6) (9... Nxg4) 10. cxd5 $1 $146 {Eine interessante
und vermutlich starke Neuerung. Es sieht so aus, als käme Schwarz zum
Gegenspiel auf den weißen Feldern, aber Weiß scheint immer die Nase vorn zu
haben.} (10. dxe5 Nxe5 (10... Nxg4 11. e6 fxe6 12. Bxh7 Qf6 13. Qg6+ Qxg6 14.
Bxg6+ Kf8 15. Bd3 Nde5 16. Nxe5 Nxe5 17. Ke2 Nxd3 18. Kxd3 Be7 19. Rhg1 {
1/2-1/2 Kempinski,R-Ramesh,R/Biel 2001/CBM 83 ext (19)}) 11. Nxe5 Qxe5 12. f4
Qe7 13. g5 Ng4 14. O-O-O dxc4 15. Bxh7 Nf2 16. g6 Nxd1 17. gxf7+ Kf8 18. Rxd1
Be6 19. a3 Ba5 20. Rg1 Qh4 21. Bg6 Rd8 22. Qe4 Qf6 $17 {0-1 Kempinski,
R-Rogozenko,D/Koszalin 1998/CBM 65 ext (44)}) 10... Bxc3 {Schwarz lässt sich
auf die Komplikationen ein, da das Zurückschlagen auf d5 nicht die Probleme
löst.} (10... Nxd5 11. Nxd5 cxd5 12. dxe5 Bxd2+ (12... O-O 13. Bxh7+) 13. Qxd2
Nxe5 (13... O-O 14. Qc3) 14. Nxe5 Qxe5 15. Qb4 $36) (10... cxd5 $2 11. dxe5 {/\
} Nxe5 $2 12. Nxe5 Qxe5 13. Qa4+ $18) 11. Bxc3 e4 12. dxc6 exd3 (12... bxc6 13.
g5 exd3 14. gxf6 Qxf6 15. Qd1 Ba6 16. Rg1 Qh6 17. Rg3 $40 {und die Drohung d4/
d5 hängt in der Luft.}) (12... Nb8 13. g5 exd3 14. gxf6 dxc2 (14... Qxf6 15.
Qd1 Bg4 $2 16. cxb7 $18) 15. fxe7 Nxc6 16. Kd2 $16) 13. cxd7+ Qxd7 (13... Bxd7
14. Qxd3 Bc6 15. g5 Nd5 (15... Bxf3 16. gxf6 Qxf6 17. Rg1 {/\ d5}) 16. Ne5 Nb4
17. Bxb4 Qxb4+ 18. Qd2 Qxd2+ 19. Kxd2 Bxh1 20. Rxh1 Rc8 21. e4 $16 {/\ Ng4-e3})
14. Qb3 $1 {Ein wichtiger Zug, den Schwarz möglicherweise unterschätzt hat.
Weiß lässt nicht zu, dass die schwarze Dame nach d5 oder c6 kommt.} (14. Qxd3
Qd5 15. e4 Nxe4 (15... Qxe4+ 16. Qxe4+ Nxe4 17. Rg1 $14) 16. h3 (16. O-O Bxg4
17. Rfe1 Bxf3 18. Qxf3 f5) 16... O-O $44) 14... Qxg4 (14... Qc6 15. d5 Qxd5 16.
Qxd5 Nxd5 17. Bxg7 Rg8 18. Bd4 $16 {Schwarz kann sich zwar auf g4 bedienen und
so das Material vorübergehend ausgleichen, aber der Pd3 wird bald fallen.}) 15.
Qd1 {In Verbindung mit Nf3-e5 wird Weiß nun den Pd3 abholen. Zwar hat Schwarz
durch seine Kontrolle über die weißen Felder etwas Kompensation für den Bauern,
aber m.E. nicht genug.} Ne4 {Versuche, die Damen auf dem Brett zu lassen (um
gegen den weißen König zu spielen) helfen Schwarz auch nicht:} (15... Qh3 16.
Ne5 O-O 17. Qxd3 Be6 18. Rg1 $36) (15... O-O 16. Rg1 Qe4 17. d5 Ne8 18. Nd4 $40
) 16. Ne5 Qxd1+ (16... Qg2 17. Qa4+ Ke7 18. O-O-O $40) 17. Rxd1 f6 18. Nxd3 $16
{Weiß erfreut sich nun eines Mehrbauern. Aufgrund der ungleichfarbigen Läufer
und der weißfeldrigen Schwächen im weißen Lager gestaltet sich dessen
Verwertung aber als äußerst schwierig.} Bg4 19. Rc1 Bf3 20. Rg1 Kf7 21. Nc5 Nd6
22. Nb3 Ne4 23. Nd2 Nxd2 24. Kxd2 g5 25. Kd3 Rhe8 26. Bb4 Rac8 27. Rxc8 Be4+
28. Ke2 Rxc8 29. Bc3 Bd5 30. f3 $1 {Eine bemerkenswerte Entscheidung. Weiß
gibt seinen Mehrbauern zurück, verbessert aber seine Bauernstruktur radikal.} (
30. a3 h6 $5 {/\} 31. f3 f5) 30... Bxa2 31. e4 a5 32. Ra1 Bc4+ 33. Ke3 b6 34.
d5 {[%csl Ra5,Rb6,Gc3,Rc4,Rf6,Rg5][%cal Yc3d4,Yd4b6,Yd4f6] Der Bc3 nimmt die
schwarzen Bauern aufs Korn, während der Bc4 durch die Bauernkette f3-e4-d5
massiv eingeschränkt wird.} Bb3 35. h4 h6 36. Rh1 Kg6 37. f4 gxf4+ 38. Kxf4 a4
39. Rh3 Bc2 40. Rh2 Bb1 41. Rh1 Bc2 42. Rc1 Bb3 43. Ke3 f5 44. Rg1+ Kh5 45. d6
fxe4 46. Bf6 Be6 47. Kxe4 Rc2 48. Bd4 b5 49. Rg7 Kxh4 50. d7 Bxd7 51. Rxd7 Rc4
52. Kd3 h5 53. Rd5 Rb4 54. Bf6+ Kg4 55. Rg5+ Kf3 56. Rxh5 Rb3+ 57. Kc2 Ke4 58.
Bc3 Ke3 59. Rh4 Kf3 60. Rb4 Rxb4 61. Bxb4 Ke4 62. Kc3 Kd5 63. Bf8 Kc6 64. Kb4
Kb6 65. Be7 Kc6 66. Bc5 a3 67. b3 Kd5 68. Bf8 1-0

[Event "EU-ch 6th"]
[Site "Warsaw"]
[Date "2005.06.20"]
[Round "3"]
[White "Sargissian, Gabriel"]
[Black "Gagunashvili, Merab"]
[Result "1/2-1/2"]
[WhiteElo "2630"]
[BlackElo "2547"]
[Annotator "Lutz,C"]
[PlyCount "55"]
[EventDate "2005.06.18"]
[EventType "swiss"]
[EventRounds "13"]
[EventCountry "POL"]
[SourceTitle "CBM 108"]
[Source "ChessBase"]
[SourceDate "2005.09.26"]
[SourceVersion "1"]
[SourceVersionDate "2005.09.26"]
[SourceQuality "1"]

1. d4 d5 2. c4 c6 3. Nc3 Nf6 4. e3 e6 5. Nf3 a6 6. b3 Bb4 7. Bd2 Nbd7 8. Bd3
Qe7 9. O-O O-O 10. Qe1 $5 dxc4 $5 {Die sofortige Auflösung des Zentrums
erscheint mir sinnvoller als 10...a5.} (10... a5 {1-0 Aronian,L-Kornev,A/
Warsaw 2005/CBM 108(38)/[Lutz] (37)}) 11. bxc4 e5 12. Bc2 Re8 {Schwarz spielt
auf den Vorstoß ...e5-e4.} 13. c5 {Weiß spielt gegen den Bb4.} (13. Qb1 Bd6 14.
c5 Bc7 {und Schwarz steht bereit zu ...e5-e4.}) 13... exd4 {Schwarz
entschließt sich zur Auflösung des Zentrums, da er zu ...b7-b6 bereit steht.} (
13... e4 $2 14. Nxe4) 14. exd4 b6 15. Qxe7 Rxe7 16. cxb6 Nxb6 $11 {Die
beiderseitigen Schwächen halten sich ungefähr die Waage.} 17. Rab1 a5 18. a3
Bxc3 19. Bxc3 Nc4 20. Bd3 {Weitere Vereinfachungen kann keine Seite vermeiden.}
(20. a4 Nd5) 20... Nxa3 21. Ra1 Nb5 22. Rxa5 Rxa5 23. Bxa5 Bg4 24. Bxb5 cxb5
25. Ne5 Be6 26. Rb1 Rb7 27. Rb2 h6 28. Nc6 1/2-1/2